[Event "GER-ch U12"]
[Site "Willingen"]
[Date "2008.05.14"]
[Round "6"]
[White "Greif, Gavin"]
[Black "Helle, Samuel"]
[Result "0-1"]
[WhiteElo "1268"]
[BlackElo "1438"]
[PlyCount "95"]
[EventDate "2008.05.11"]
[EventType "swiss"]
[EventRounds "11"]
[EventCountry "GER"]
[SourceTitle "CBM 124 Extra"]
[Source "ChessBase"]
[SourceDate "2008.07.03"]
[SourceVersion "1"]
[SourceVersionDate "2008.07.03"]
[SourceQuality "1"]

1. e4 d5 2. exd5 Nf6 3. Nf3 Nxd5 4. d4 Bf5 5. Bd3 Bxd3 6. Qxd3 e6 7. Qb5+ c6 8. Qxb7 Nb6 9. c4 c5 10. Qe4 cxd4 11. Nxd4 Qc7 12. b3 N8d7 13. Nb5 Qc8 14. Bf4 Bb4+ 15. Nd2 Nf6 16. Qe2 0-0 17. 0-0 Rd8 18. Ne4 Nxe4 19. Qxe4 a6 20. Nd4 Bc3 21. Rad1 Qd7 22. c5 Nd5 23. Nf3 Qb5 24. Bd6 Bb4 25. Nd4 Qd7 26. Nc2 a5 27. Nxb4 axb4 28. Rd2 Ra6 29. Be5 Rda8 30. Qxb4 Nxb4 31. Rxd7 Rxa2 32. Bc3 Nd5 33. c6 R2a7 34. b4 Rxd7 35. cxd7 Rd8 36. Be5 Rxd7 37. b5 Rb7 38. Rb1 Kf8 39. Kf1 f6 40. Bd6+ Ke8 41. Ke2 Nc3+ 42. Kd3 Nxb1 43. Kc2 Rxb5 44. f3 Kd7 45. Bf8 g6 46. g4 f5 47. g5 Rb8 48. Bg7 0-1

[Event "GER-ch U10"]
[Site "Willingen"]
[Date "2007.06.01"]
[Round "9"]
[White "Helle, Samuel"]
[Black "Bach, Jannik"]
[Result "0-1"]
[WhiteElo "1270"]
[BlackElo "1183"]
[PlyCount "136"]
[EventDate "2007.05.26"]
[EventType "swiss"]
[EventRounds "11"]
[EventCountry "GER"]
[SourceTitle "CBM 118 Extra"]
[Source "ChessBase"]
[SourceDate "2007.07.04"]
[SourceVersion "1"]
[SourceVersionDate "2007.07.04"]
[SourceQuality "1"]

1. e4 e6 2. d4 d5 3. e5 c5 4. c3 Nc6 5. Nf3 Qb6 6. Be2 cxd4 7. cxd4 Nge7 8. b3 Nf5 9. Bb2 Bb4+ 10. Kf1 Bd7 11. g3 Rc8 12. Kg2 0-0 13. Bd3 Be7 14. Bxf5 exf5 15. Nc3 Be6 16. Qd2 Rc7 17. Rac1 Rfc8 18. Rhd1 Bb4 19. a3 Be7 20. b4 a6 21. Na4 Qa7 22. Nc5 b6 23. Nb3 h6 24. h4 Nd8 25. Rxc7 Rxc7 26. Rc1 Rxc1 27. Qxc1 Qb7 28. Ne1 Qc6 29. Qxc6 Nxc6 30. Nd3 g5 31. hxg5 hxg5 32. f4 g4 33. Kf2 Kf8 34. Ke3 Ke8 35. Kd2 Kd7 36. Kc3 f6 37. a4 fxe5 38. dxe5 a5 39. bxa5 Nxa5 40. Nxa5 bxa5 41. Kd4 Kc6 42. Bc3 Bd8 43. Nc5 Bb6 44. Bxa5 Bxc5+ 45. Kc3 Bf2 46. Kd2 Bxg3 47. Ke3 d4+ 48. Kxd4 Bxf4 49. Be1 g3 50. a5 g2 51. Bf2 Bh2 52. Ke3 g1Q 53. Bxg1 Bxg1+ 54. Kf4 Bh2+ 55. Ke3 Bxe5 56. a6 Kb6 57. a7 Kxa7 58. Kf3 Kb6 59. Ke3 Bd5 60. Kf2 Kc5 61. Ke2 Kd4 62. Kd2 f4 63. Ke2 f3+ 64. Kf2 Kd3 65. Ke1 Ke3 66. Kf1 Bc4+ 67. Kg1 f2+ 68. Kg2 f1Q# 0-1

[Event "GER-ch U10"]
[Site "Willingen"]
[Date "2007.05.28"]
[Round "4"]
[White "Helle, Samuel"]
[Black "Richter, Leonard"]
[Result "1-0"]
[WhiteElo "1270"]
[BlackElo "1359"]
[PlyCount "95"]
[EventDate "2007.05.26"]
[EventType "swiss"]
[EventRounds "11"]
[EventCountry "GER"]
[SourceTitle "CBM 118 Extra"]
[Source "ChessBase"]
[SourceDate "2007.07.04"]
[SourceVersion "1"]
[SourceVersionDate "2007.07.04"]
[SourceQuality "1"]

1. e4 c6 2. d4 d5 3. exd5 cxd5 4. c4 Nf6 5. Nc3 e6 6. Nf3 Bd6 7. c5 Be7 8. Bf4 0-0 9. Bd3 b6 10. b4 Bb7 11. 0-0 a5 12. a3 Ne4 13. Bxe4 dxe4 14. Ne5 Nc6 15. Nxc6 Bxc6 16. b5 Bd5 17. c6 a4 18. Nxa4 Bc4 19. c7 Qe8 20. Nxb6 Bxf1 21. Nxa8 Bxg2 22. Nb6 Bf3 23. c8Q Bxd1 24. Qxe8 Rxe8 25. Rxd1 Bxa3 26. Nc4 Bb4 27. b6 f6 28. b7 e5 29. dxe5 Rb8 30. Rd7 fxe5 31. Bxe5 Rxb7 32. Rxb7 Bc5 33. Rxg7+ Kf8 34. Rxh7 Ke8 35. Nd6+ Kf8 36. Nxe4 Ke8 37. Nf6+ Kd8 38. Rd7+ Kc8 39. Rc7+ Kd8 40. Rxc5 Ke7 41. h4 Kd8 42. h5 Ke7 43. h6 Kd8 44. h7 Ke7 45. h8Q Ke6 46. Nd5 Kd7 47. Qf6 Ke8 48. Qe7# 1-0

[Event "GER-ch U10"]
[Site "Willingen"]
[Date "2007.05.26"]
[Round "1"]
[White "Conrad, Vanessa"]
[Black "Helle, Samuel"]
[Result "0-1"]
[WhiteElo "867"]
[BlackElo "1270"]
[PlyCount "106"]
[EventDate "2007.05.26"]
[EventType "swiss"]
[EventRounds "11"]
[EventCountry "GER"]
[SourceTitle "CBM 118 Extra"]
[Source "ChessBase"]
[SourceDate "2007.07.04"]
[SourceVersion "1"]
[SourceVersionDate "2007.07.04"]
[SourceQuality "1"]

1. e4 d5 2. exd5 Nf6 3. Be2 Nxd5 4. Nf3 Nc6 5. 0-0 e5 6. Nc3 Bc5 7. d3 0-0 8. Bg5 f6 9. Bd2 Bg4 10. h3 Bh5 11. Qc1 Qd7 12. b3 Rad8 13. Nxd5 Qxd5 14. c4 Qd6 15. Be3 Bxe3 16. Qxe3 Bxf3 17. Bxf3 Qxd3 18. Qxd3 Rxd3 19. Be2 Rd2 20. Bf3 f5 21. Rfd1 Rfd8 22. Kf1 e4 23. Be2 Rxd1+ 24. Rxd1 Rxd1+ 25. Bxd1 Nd4 26. a3 c5 27. Ke1 Kf7 28. b4 b6 29. bxc5 bxc5 30. a4 a5 31. f3 exf3 32. gxf3 f4 33. Kd2 Kf6 34. Ke1 Ke5 35. Kf2 g5 36. Kg2 Nf5 37. Be2 Kd4 38. Kh2 Ne3 39. h4 h6 40. hxg5 hxg5 41. Kh3 Kc3 42. Kh2 Kb4 43. Kg1 Kxa4 44. Kf2 Kb3 45. Bd3 a4 46. Ke2 a3 47. Kd2 a2 48. Ke2 a1Q 49. Kf2 Qd4 50. Ke2 Kc3 51. Kf2 Ng4+ 52. Ke2 Qe3+ 53. Kd1 Nf2# 0-1

[Event "SVR-op 30th"]
[Site "Nickenich"]
[Date "2007.04.07"]
[Round "7"]
[White "Dillmann, Michael"]
[Black "Helle, Samuel"]
[Result "1/2-1/2"]
[WhiteElo "1209"]
[BlackElo "1211"]
[PlyCount "60"]
[EventDate "2007.03.31"]
[EventType "swiss"]
[EventRounds "7"]
[EventCountry "GER"]
[SourceTitle "EXT 2009"]
[Source "ChessBase"]
[SourceDate "2008.11.26"]
[SourceVersion "1"]
[SourceVersionDate "2008.11.26"]
[SourceQuality "1"]

1. e4 d5 2. exd5 Nf6 3. Nc3 Nxd5 4. Nxd5 Qxd5 5. Nf3 Bg4 6. Be2 e5 7. d3 Bc5 8. Bd2 Nc6 9. Bc3 f6 10. h3 Bh5 11. Qd2 0-0-0 12. 0-0 Rhe8 13. Ne1 Bg6 14. Qc1 h6 15. a3 Bh7 16. b4 Bd4 17. Bxd4 Nxd4 18. Bf3 e4 19. dxe4 Bxe4 20. Bxe4 Qxe4 21. Qb2 Ne2+ 22. Kh1 Nf4 23. Kh2 Qd5 24. Nf3 Re2 25. Qc3 Qe4 26. Rac1 Red2 27. Qc5 R8d6 28. Qxa7 b6 29. Qa6+ Kb8 30. Rce1 Rxf2 1/2-1/2

[Event "SVR-op 30th"]
[Site "Nickenich"]
[Date "2007.04.01"]
[Round "3"]
[White "Helle, Samuel"]
[Black "Marx, Christina"]
[Result "0-1"]
[WhiteElo "1211"]
[BlackElo "1404"]
[PlyCount "120"]
[EventDate "2007.03.31"]
[EventType "swiss"]
[EventRounds "7"]
[EventCountry "GER"]
[SourceTitle "EXT 2009"]
[Source "ChessBase"]
[SourceDate "2008.11.26"]
[SourceVersion "1"]
[SourceVersionDate "2008.11.26"]
[SourceQuality "1"]

1. e4 g6 2. d4 Bg7 3. Nf3 b6 4. Bc4 e6 5. Bf4 Bb7 6. Nc3 a6 7. Qd2 Ne7 8. 0-0 d5 9. exd5 b5 10. Bb3 b4 11. Na4 Bxd5 12. Bxd5 Nxd5 13. Bh6 Bf6 14. Rad1 Nd7 15. c4 bxc3 16. bxc3 Qe7 17. Ne1 Rc8 18. Nd3 Qa3 19. Qc2 Ne7 20. Qb3 Qd6 21. Rfe1 Nf5 22. Bc1 Be7 23. Bf4 Qc6 24. a3 0-0 25. Rb1 Rb8 26. Qc2 Nxd4 27. Qd2 Nf5 28. Qc2 Bxa3 29. Ra1 Be7 30. Nab2 Nd4 31. Qb1 Qxc3 32. Re3 Nc2 33. Qc1 Bf6 34. Ne5 Qxb2 35. Nxd7 Nxa1 36. Qxb2 Rxb2 37. Re1 Nc2 38. Bc1 Rb1 39. Rd1 Bg5 40. Nxf8 Kxf8 41. Kf1 Rxc1 42. Ke2 Rxd1 43. Kxd1 Nb4 44. f3 c5 45. g3 c4 46. f4 Bf6 47. Kd2 c3+ 48. Kc1 a5 49. Kb1 a4 50. Kc1 a3 51. Kb1 c2+ 52. Kc1 Bb2+ 53. Kd2 c1Q+ 54. Ke2 Bd4 55. Kf3 f5 56. Kg2 Nd5 57. Kh3 Bf6 58. Kg2 Qe3 59. Kh3 Qe2 60. g4 Qxg4# 0-1